La crisis y el quehacer político de clase en América Latina /

Tallennettuna:
Bibliografiset tiedot
Päätekijä: Juárez, Antonio
Aineistotyyppi: Teksti
Aiheet:
Tagit: Lisää tagi
Ei tageja, Lisää ensimmäinen tagi!

MARC

LEADER 00000 a a2200000 04500
001 41787
003
040
100 |a Juárez, Antonio  
245 |a La crisis y el quehacer político de clase en América Latina /  |c Antonio Juárez  
650 |a CRISIS  
650 |a AMERICA LATINA  
650 |a DESEMPLEO  
650 |a ENDEUDAMIENTO  
650 |a BALANZA DE PAGOS  
650 |a EMPRESAS TRANSNACIONALES  
650 |a PETROLEO  
650 |a MOVIMIENTOS OBREROS  
773 |g volumen12, número45 (1981), páginas 91-114  
999 |c 25250  |d 25250